[Event "PMPJ 2022- D17"]
[Site "Jastrzebia Gora"]
[Date "2022.11.10"]
[Round "7.2"]
[White "Labedz, Gabriela"]
[Black "Krzyzosiak, Anna"]
[Result "1/2-1/2"]
[BlackElo "1434"]
[WhiteElo "1365"]
[LiveChessVersion "1.4.8"]

1. e4 {[%clk 1:30:58]} c5 {[%clk 1:30:54]} 2. Nf3 {[%clk 1:31:21]} d6
{[%clk 1:31:18]} 3. d4 {[%clk 1:31:45]} cxd4 {[%clk 1:31:42]} 4. Nxd4
{[%clk 1:32:10]} Nf6 {[%clk 1:32:04]} 5. f3 {[%clk 1:32:25]} a6 {[%clk 1:25:12]}
6. c4 {[%clk 1:32:16]} e5 {[%clk 1:23:34]} 7. Nc2 {[%clk 1:29:28]} Be7
{[%clk 1:05:11]} 8. Be3 {[%clk 1:28:19]} Be6 {[%clk 1:04:28]} 9. Nc3
{[%clk 1:27:40]} Qc7 {[%clk 0:54:53]} 10. Nd5 {[%clk 1:25:38]} Bxd5
{[%clk 0:52:53]} 11. cxd5 {[%clk 1:19:36]} Nh5 {[%clk 0:45:37]} 12. Be2
{[%clk 1:12:33]} Nd7 {[%clk 0:41:28]} 13. O-O {[%clk 1:10:46]} Rc8
{[%clk 0:39:51]} 14. Rc1 {[%clk 1:08:31]} Qd8 {[%clk 0:36:02]} 15. f4
{[%clk 0:50:05]} Nxf4 {[%clk 0:32:51]} 16. Bxf4 {[%clk 0:49:39]} exf4
{[%clk 0:32:47]} 17. Kh1 {[%clk 0:47:04]} Bg5 {[%clk 0:27:25]} 18. Bg4
{[%clk 0:43:57]} O-O {[%clk 0:21:37]} 19. Rf3 {[%clk 0:34:46]} Rc4
{[%clk 0:17:18]} 20. Bxd7 {[%clk 0:31:08]} Qxd7 {[%clk 0:17:37]} 21. Nd4
{[%clk 0:30:05]} Rxc1 {[%clk 0:07:54]} 22. Qxc1 {[%clk 0:30:28]} Rc8
{[%clk 0:08:19]} 23. Rc3 {[%clk 0:28:52]} Rxc3 {[%clk 0:08:32]} 24. Qxc3
{[%clk 0:28:47]} Bf6 {[%clk 0:08:43]} 25. h3 {[%clk 0:28:17]} g6 {[%clk 0:08:07]}
26. Qb4 {[%clk 0:28:04]} Bxd4 {[%clk 0:02:51]} 27. Qxd4 {[%clk 0:28:29]} Qe7
{[%clk 0:03:13]} 28. Qc4 {[%clk 0:27:52]} Kg7 {[%clk 0:02:57]} 29. b3
{[%clk 0:26:21]} Qd7 {[%clk 0:01:45]} 30. Qc3+ {[%clk 0:25:47]} f6
{[%clk 0:01:43]} 31. Qf3 {[%clk 0:24:52]} g5 {[%clk 0:01:40]} 32. Qc3
{[%clk 0:24:56]} Qe7 {[%clk 0:01:23]} 33. Qc2 {[%clk 0:24:02]} Qd7
{[%clk 0:01:04]} 34. Qc3 {[%clk 0:24:09]} h5 {[%clk 0:01:06]} 35. Qf3
{[%clk 0:23:48]} Kg6 {[%clk 0:01:08]} 36. Kg1 {[%clk 0:22:34]} Qb5
{[%clk 0:01:12]} 37. g4 {[%clk 0:20:40]} Qc5+ {[%clk 0:01:16]} 38. Kh2
{[%clk 0:20:54]} Qc2+ {[%clk 0:01:18]} 39. Qg2 {[%clk 0:21:17]} Qxg2+
{[%clk 0:01:22]} 40. Kxg2 {[%clk 0:21:43]} hxg4 {[%clk 0:01:33]} 41. hxg4
{[%clk 0:21:53]} a5 {[%clk 0:01:24]} 42. a3 {[%clk 0:21:41]} Kf7 {[%clk 0:01:42]}
43. b4 {[%clk 0:21:54]} axb4 {[%clk 0:02:02]} 44. axb4 {[%clk 0:22:19]} Ke7
{[%clk 0:01:03]} 45. b5 {[%clk 0:22:37]} Kf7 {[%clk 0:00:42]} 46. b6
{[%clk 0:22:53]} Ke7 {[%clk 0:00:46]} 47. Kf3 {[%clk 0:22:19]} Kf7
{[%clk 0:01:05]} 48. Kg2 {[%clk 0:22:38]} Kg6 {[%clk 0:01:21]} 49. Kf3
{[%clk 0:22:50]} Kg7 {[%clk 0:01:45]} 50. Kf2 {[%clk 0:22:20]} Kf8
{[%clk 0:00:53]} 51. Kf3 {[%clk 0:22:42]} 1/2-1/2

[Event "PMPJ 2022- D17"]
[Site "Jastrzebia Gora"]
[Date "2022.11.10"]
[Round "7.3"]
[White "Samol, Julia"]
[Black "Gaczol, Julia"]
[Result "1-0"]
[BlackElo "1466"]
[WhiteElo "1312"]
[LiveChessVersion "1.4.8"]

1. e4 {[%clk 1:30:57]} c5 {[%clk 1:30:28]} 2. Nf3 {[%clk 1:31:22]} e6
{[%clk 1:30:51]} 3. d4 {[%clk 1:31:42]} cxd4 {[%clk 1:31:08]} 4. Nxd4
{[%clk 1:32:08]} a6 {[%clk 1:31:30]} 5. Bd3 {[%clk 1:30:23]} Bc5 {[%clk 1:31:49]}
6. Nb3 {[%clk 1:29:04]} Ba7 {[%clk 1:32:03]} 7. O-O {[%clk 1:28:08]} Nc6
{[%clk 1:29:50]} 8. Nc3 {[%clk 1:22:40]} Nf6 {[%clk 1:29:43]} 9. Qe2
{[%clk 1:20:24]} d6 {[%clk 1:26:56]} 10. Be3 {[%clk 1:19:25]} O-O
{[%clk 1:26:18]} 11. f4 {[%clk 1:14:45]} Qc7 {[%clk 1:16:24]} 12. Bxa7
{[%clk 1:05:16]} Rxa7 {[%clk 1:15:38]} 13. Kh1 {[%clk 1:02:01]} b5
{[%clk 1:03:57]} 14. Nd1 {[%clk 0:47:56]} Nb4 {[%clk 0:56:28]} 15. Ne3
{[%clk 0:44:36]} Qb6 {[%clk 0:49:53]} 16. Ng4 {[%clk 0:36:49]} Nxg4
{[%clk 0:45:02]} 17. Qxg4 {[%clk 0:37:14]} a5 {[%clk 0:39:56]} 18. Rf3
{[%clk 0:35:14]} Rc7 {[%clk 0:35:55]} 19. c3 {[%clk 0:29:55]} Nxd3
{[%clk 0:29:57]} 20. Rxd3 {[%clk 0:30:19]} f5 {[%clk 0:23:37]} 21. exf5
{[%clk 0:28:33]} e5 {[%clk 0:14:10]} 22. Qd1 {[%clk 0:24:09]} Rc6
{[%clk 0:11:51]} 23. fxe5 {[%clk 0:22:21]} dxe5 {[%clk 0:12:12]} 24. Rd5
{[%clk 0:19:26]} Rxf5 {[%clk 0:11:28]} 25. Rd8+ {[%clk 0:18:52]} Kf7
{[%clk 0:11:24]} 26. Rxc8 {[%clk 0:17:59]} Rd6 {[%clk 0:06:05]} 27. Qe2
{[%clk 0:14:19]} Rdf6 {[%clk 0:03:14]} 28. h3 {[%clk 0:06:10]} Qb7
{[%clk 0:03:13]} 29. Rd8 {[%clk 0:05:54]} Rf2 {[%clk 0:00:55]} 30. Qg4
{[%clk 0:05:02]} Ke7 {[%clk 0:00:52]} 31. Rdd1 {[%clk 0:04:12]} h5
{[%clk 0:00:38]} 32. Qxg7+ {[%clk 0:04:22]} Rf7 {[%clk 0:00:56]} 33. Qxe5+
{[%clk 0:04:38]} Kf8 {[%clk 0:00:44]} 34. Rd8# {[%clk 0:05:05]} 1-0

[Event "PMPJ 2022- D17"]
[Site "Jastrzebia Gora"]
[Date "2022.11.10"]
[Round "7.4"]
[White "Bauer, Marika"]
[Black "Bartoszek, Julia"]
[Result "0-1"]
[BlackElo "1253"]
[WhiteElo "1129"]
[LiveChessVersion "1.4.8"]

1. e4 {[%clk 1:30:56]} c5 {[%clk 1:30:52]} 2. Nf3 {[%clk 1:31:18]} Nc6
{[%clk 1:31:18]} 3. d4 {[%clk 1:31:40]} cxd4 {[%clk 1:31:45]} 4. Nxd4
{[%clk 1:32:06]} e5 {[%clk 1:32:11]} 5. Nb3 {[%clk 1:32:20]} Nf6 {[%clk 1:32:36]}
6. Nc3 {[%clk 1:32:43]} Bb4 {[%clk 1:33:03]} 7. Bg5 {[%clk 1:25:39]} h6
{[%clk 1:33:19]} 8. Bxf6 {[%clk 1:23:39]} Qxf6 {[%clk 1:33:41]} 9. a3
{[%clk 1:22:39]} Bxc3+ {[%clk 1:32:50]} 10. bxc3 {[%clk 1:23:00]} O-O
{[%clk 1:32:39]} 11. Bc4 {[%clk 1:20:56]} d6 {[%clk 1:28:41]} 12. Qd3
{[%clk 1:19:17]} Rd8 {[%clk 1:28:16]} 13. O-O {[%clk 1:18:27]} Rb8
{[%clk 1:26:29]} 14. Qg3 {[%clk 1:16:57]} Be6 {[%clk 1:25:17]} 15. Bd5
{[%clk 1:15:07]} Bxd5 {[%clk 1:23:27]} 16. exd5 {[%clk 1:15:27]} Ne7
{[%clk 1:23:53]} 17. Rad1 {[%clk 1:11:54]} Rbc8 {[%clk 1:22:57]} 18. Rfe1
{[%clk 1:07:08]} Ng6 {[%clk 1:18:19]} 19. Na5 {[%clk 1:00:54]} Rc7
{[%clk 1:17:03]} 20. c4 {[%clk 1:01:01]} Ne7 {[%clk 1:13:33]} 21. Qd3
{[%clk 0:56:39]} b6 {[%clk 1:12:52]} 22. Nb3 {[%clk 0:56:58]} Rdc8
{[%clk 1:12:37]} 23. Nd2 {[%clk 0:56:41]} b5 {[%clk 1:08:05]} 24. Re4
{[%clk 0:50:27]} Rc5 {[%clk 1:05:04]} 25. Rb1 {[%clk 0:48:11]} a6
{[%clk 1:01:26]} 26. h3 {[%clk 0:42:07]} Ng6 {[%clk 0:58:03]} 27. Rg4
{[%clk 0:40:33]} bxc4 {[%clk 0:56:38]} 28. Rxc4 {[%clk 0:40:12]} Rxc4
{[%clk 0:56:26]} 29. Nxc4 {[%clk 0:40:25]} Nf4 {[%clk 0:55:20]} 30. Qe4
{[%clk 0:39:53]} Qd8 {[%clk 0:51:49]} 31. a4 {[%clk 0:33:58]} Qc7
{[%clk 0:50:04]} 32. Ne3 {[%clk 0:32:48]} Ne2+ {[%clk 0:49:35]} 33. Kh2
{[%clk 0:29:49]} Nc3 {[%clk 0:49:59]} 34. Qb4 {[%clk 0:30:12]} Nxb1
{[%clk 0:50:17]} 35. Qxb1 {[%clk 0:30:39]} Rb8 {[%clk 0:49:50]} 36. Qd1
{[%clk 0:30:06]} Qd7 {[%clk 0:48:40]} 37. c4 {[%clk 0:28:30]} Rb4
{[%clk 0:47:53]} 38. Qh5 {[%clk 0:27:02]} Rxa4 {[%clk 0:45:13]} 39. Nf5
{[%clk 0:27:22]} Kh7 {[%clk 0:38:59]} 40. h4 {[%clk 0:20:47]} Rxc4
{[%clk 0:34:24]} 41. f3 {[%clk 0:20:56]} Rf4 {[%clk 0:34:09]} 42. g4
{[%clk 0:21:09]} Rxf3 {[%clk 0:33:35]} 43. Kg2 {[%clk 0:20:20]} Rf4
{[%clk 0:32:54]} 44. Kg3 {[%clk 0:20:39]} a5 {[%clk 0:33:02]} 45. Nxh6
{[%clk 0:19:44]} gxh6 {[%clk 0:33:13]} 46. g5 {[%clk 0:20:09]} Qg4+
{[%clk 0:32:59]} 47. Qxg4 {[%clk 0:20:20]} Rxg4+ {[%clk 0:33:22]} 48. Kxg4
{[%clk 0:20:48]} hxg5 {[%clk 0:33:45]} 49. hxg5 {[%clk 0:21:13]} a4
{[%clk 0:34:11]} 50. Kf5 {[%clk 0:21:40]} Kg7 {[%clk 0:34:28]} 51. g6
{[%clk 0:21:57]} a3 {[%clk 0:34:42]} 0-1

[Event "PMPJ 2022- D17"]
[Site "Jastrzebia Gora"]
[Date "2022.11.10"]
[Round "7.5"]
[White "Sivickis, Kornelia"]
[Black "Bychowska, Marta"]
[Result "1-0"]
[BlackElo "1481"]
[WhiteElo "1159"]
[LiveChessVersion "1.4.8"]

1. Nf3 {[%clk 1:30:57]} Nf6 {[%clk 1:30:53]} 2. c4 {[%clk 1:31:20]} c5
{[%clk 1:31:19]} 3. g3 {[%clk 1:31:44]} g6 {[%clk 1:31:41]} 4. Nc3
{[%clk 1:32:09]} Bg7 {[%clk 1:32:06]} 5. Bg2 {[%clk 1:32:35]} O-O
{[%clk 1:32:26]} 6. O-O {[%clk 1:32:59]} e6 {[%clk 1:32:32]} 7. d3
{[%clk 1:33:19]} d5 {[%clk 1:32:45]} 8. cxd5 {[%clk 1:33:23]} exd5
{[%clk 1:32:47]} 9. e3 {[%clk 1:33:19]} Nc6 {[%clk 1:32:42]} 10. Re1
{[%clk 1:33:14]} Re8 {[%clk 1:31:01]} 11. a3 {[%clk 1:33:01]} a6 {[%clk 1:31:10]}
12. Bd2 {[%clk 1:33:22]} b5 {[%clk 1:31:05]} 13. e4 {[%clk 1:25:31]} dxe4
{[%clk 1:29:50]} 14. dxe4 {[%clk 1:25:22]} Bb7 {[%clk 1:30:03]} 15. Bg5
{[%clk 1:24:53]} h6 {[%clk 1:27:45]} 16. Bd2 {[%clk 1:20:26]} Nd4
{[%clk 1:22:09]} 17. Nh4 {[%clk 1:05:55]} Qd7 {[%clk 1:15:40]} 18. e5
{[%clk 1:02:06]} Nd5 {[%clk 1:04:27]} 19. f4 {[%clk 0:54:51]} Rad8
{[%clk 1:01:02]} 20. Nxd5 {[%clk 0:53:03]} Bxd5 {[%clk 1:01:09]} 21. Ba5
{[%clk 0:50:32]} Rc8 {[%clk 0:59:45]} 22. Bc3 {[%clk 0:49:17]} Bxg2
{[%clk 0:57:51]} 23. Nxg2 {[%clk 0:45:04]} Qe6 {[%clk 0:45:55]} 24. Bxd4
{[%clk 0:43:24]} Red8 {[%clk 0:46:16]} 25. Qf3 {[%clk 0:42:52]} Rxd4
{[%clk 0:45:42]} 26. Red1 {[%clk 0:42:13]} Rcd8 {[%clk 0:40:54]} 27. Rac1
{[%clk 0:41:34]} Bf8 {[%clk 0:39:04]} 28. Qe2 {[%clk 0:37:53]} Qb3
{[%clk 0:36:39]} 29. Ne3 {[%clk 0:32:27]} Rxd1+ {[%clk 0:30:19]} 30. Rxd1
{[%clk 0:32:45]} Rxd1+ {[%clk 0:30:31]} 31. Nxd1 {[%clk 0:33:08]} Qd5
{[%clk 0:30:21]} 32. Nc3 {[%clk 0:29:55]} Qd4+ {[%clk 0:30:33]} 33. Qf2
{[%clk 0:28:17]} Qxf2+ {[%clk 0:29:08]} 34. Kxf2 {[%clk 0:28:41]} b4
{[%clk 0:29:23]} 35. axb4 {[%clk 0:27:24]} cxb4 {[%clk 0:29:47]} 36. Ne4
{[%clk 0:26:59]} Be7 {[%clk 0:28:31]} 37. Ke2 {[%clk 0:27:04]} Bd8
{[%clk 0:28:53]} 38. Kd3 {[%clk 0:26:50]} Kf8 {[%clk 0:28:44]} 39. Kc4
{[%clk 0:26:25]} a5 {[%clk 0:29:03]} 40. Nd6 {[%clk 0:24:33]} Bb6
{[%clk 0:28:54]} 41. Kb5 {[%clk 0:24:09]} Bg1 {[%clk 0:29:16]} 42. h3
{[%clk 0:24:10]} Bf2 {[%clk 0:28:11]} 43. Ne4 {[%clk 0:24:33]} Be1
{[%clk 0:28:36]} 44. Kxa5 {[%clk 0:24:21]} Ke7 {[%clk 0:28:55]} 45. Kb5
{[%clk 0:23:27]} Ke6 {[%clk 0:28:33]} 46. Kc6 {[%clk 0:22:33]} h5
{[%clk 0:28:39]} 47. g4 {[%clk 0:21:21]} h4 {[%clk 0:27:22]} 48. Nc5+
{[%clk 0:19:37]} Ke7 {[%clk 0:27:45]} 49. Kd5 {[%clk 0:19:36]} Bd2
{[%clk 0:27:22]} 50. Nd3 {[%clk 0:19:42]} Kd7 {[%clk 0:27:03]} 51. f5
{[%clk 0:19:47]} gxf5 {[%clk 0:27:20]} 52. gxf5 {[%clk 0:20:12]} Kc7
{[%clk 0:25:27]} 53. e6 {[%clk 0:19:01]} fxe6+ {[%clk 0:25:53]} 54. Kxe6
{[%clk 0:19:01]} Kc6 {[%clk 0:24:48]} 55. f6 {[%clk 0:18:17]} Kb5
{[%clk 0:24:40]} 56. f7 {[%clk 0:18:00]} Bh6 {[%clk 0:25:05]} 57. b3
{[%clk 0:16:55]} Bf8 {[%clk 0:24:59]} 58. Kd7 {[%clk 0:16:33]} Kb6
{[%clk 0:25:14]} 59. Ke8 {[%clk 0:16:54]} Bd6 {[%clk 0:25:32]} 60. f8=Q
{[%clk 0:17:03]} 1-0

[Event "PMPJ 2022- D17"]
[Site "Jastrzebia Gora"]
[Date "2022.11.10"]
[Round "7.6"]
[White "Tittor, Weronika"]
[Black "Olszewska, Wiktoria"]
[Result "1-0"]
[BlackElo "1353"]
[WhiteElo "1335"]
[LiveChessVersion "1.4.8"]

1. e4 {[%clk 1:30:09]} c6 {[%clk 1:30:20]} 2. d4 {[%clk 1:30:14]} d5
{[%clk 1:30:41]} 3. exd5 {[%clk 1:30:35]} cxd5 {[%clk 1:30:59]} 4. Nf3
{[%clk 1:30:51]} Bg4 {[%clk 1:29:56]} 5. c3 {[%clk 1:31:10]} Nc6 {[%clk 1:28:11]}
6. Qb3 {[%clk 1:31:31]} Qd7 {[%clk 1:24:12]} 7. Ne5 {[%clk 1:31:41]} Nxe5
{[%clk 1:22:37]} 8. dxe5 {[%clk 1:32:00]} a6 {[%clk 1:22:31]} 9. Na3
{[%clk 1:32:19]} e6 {[%clk 1:20:39]} 10. Nb5 {[%clk 1:32:02]} Rc8
{[%clk 1:16:12]} 11. a4 {[%clk 1:31:50]} axb5 {[%clk 1:11:31]} 12. Bxb5
{[%clk 1:32:09]} Rc6 {[%clk 1:11:53]} 13. a5 {[%clk 1:32:22]} Ne7
{[%clk 0:39:25]} 14. a6 {[%clk 1:32:40]} bxa6 {[%clk 0:37:53]} 15. Rxa6
{[%clk 1:32:58]} Qc7 {[%clk 0:34:49]} 16. Qa4 {[%clk 1:33:06]} Bf5
{[%clk 0:31:49]} 17. Bxc6+ {[%clk 1:31:58]} Nxc6 {[%clk 0:31:51]} 18. Rxc6
{[%clk 1:32:19]} Qd7 {[%clk 0:30:05]} 19. Rc8+ {[%clk 1:32:07]} Ke7
{[%clk 0:29:38]} 20. Qb4+ {[%clk 1:32:28]} Qd6 {[%clk 0:29:52]} 21. Qxd6#
{[%clk 1:32:12]} 1-0

[Event "PMPJ 2022- D17"]
[Site "Jastrzebia Gora"]
[Date "2022.11.10"]
[Round "7.8"]
[White "Czerwinska, Oliwia"]
[Black "Nagly, Malgorzata"]
[Result "1-0"]
[BlackElo "1077"]
[WhiteElo "1392"]
[LiveChessVersion "1.4.8"]

1. e4 {[%clk 1:30:57]} e6 {[%clk 1:30:53]} 2. d4 {[%clk 1:31:22]} d5
{[%clk 1:31:18]} 3. e5 {[%clk 1:31:49]} c5 {[%clk 1:31:37]} 4. c3
{[%clk 1:32:14]} Nc6 {[%clk 1:31:56]} 5. a3 {[%clk 1:32:04]} cxd4
{[%clk 1:28:58]} 6. cxd4 {[%clk 1:32:25]} Nge7 {[%clk 1:28:28]} 7. b4
{[%clk 1:30:42]} a6 {[%clk 1:24:13]} 8. Nf3 {[%clk 1:28:22]} Nf5 {[%clk 1:19:42]}
9. Be3 {[%clk 1:28:06]} Be7 {[%clk 1:17:28]} 10. Bd3 {[%clk 1:26:46]} O-O
{[%clk 1:13:48]} 11. O-O {[%clk 1:26:31]} Bd7 {[%clk 1:10:58]} 12. Qb3
{[%clk 1:25:23]} Nxe3 {[%clk 0:57:31]} 13. fxe3 {[%clk 1:25:45]} f6
{[%clk 0:56:18]} 14. Qc2 {[%clk 1:20:20]} f5 {[%clk 0:41:23]} 15. Nc3
{[%clk 1:15:51]} b5 {[%clk 0:28:04]} 16. Nd2 {[%clk 1:08:50]} Rb8
{[%clk 0:19:14]} 17. Qd1 {[%clk 1:03:51]} a5 {[%clk 0:14:50]} 18. bxa5
{[%clk 0:43:09]} Nxa5 {[%clk 0:15:11]} 19. a4 {[%clk 0:37:17]} Nc4
{[%clk 0:10:27]} 20. Qe2 {[%clk 0:34:18]} Bb4 {[%clk 0:06:17]} 21. Ndb1
{[%clk 0:30:35]} Qa5 {[%clk 0:03:21]} 22. Bxc4 {[%clk 0:25:23]} dxc4
{[%clk 0:00:59]} 23. Rc1 {[%clk 0:24:09]} Rfc8 {[%clk 0:01:13]} 24. Qa2
{[%clk 0:23:43]} Bxc3 {[%clk 0:00:36]} 25. Nxc3 {[%clk 0:19:11]} b4
{[%clk 0:01:02]} 26. Ne2 {[%clk 0:18:52]} b3 {[%clk 0:00:55]} 27. Qb2
{[%clk 0:18:55]} Rc6 {[%clk 0:00:32]} 28. Nc3 {[%clk 0:18:23]} Ra6
{[%clk 0:00:42]} 29. Rcb1 {[%clk 0:16:34]} Qc7 {[%clk 0:00:32]} 30. Ra3
{[%clk 0:14:12]} Rba8 {[%clk 0:00:36]} 31. Rba1 {[%clk 0:14:39]} Qc8
{[%clk 0:00:31]} 32. Qe2 {[%clk 0:14:17]} Rb8 {[%clk 0:00:33]} 33. Rb1
{[%clk 0:14:24]} Ra7 {[%clk 0:00:32]} 34. Kf2 {[%clk 0:13:55]} Qa6
{[%clk 0:00:42]} 35. Qb2 {[%clk 0:13:20]} Rc7 1-0

[Event "PMPJ 2022- D17"]
[Site "Jastrzebia Gora"]
[Date "2022.11.11"]
[Round "8.1"]
[White "Krzyzosiak, Anna"]
[Black "Samol, Julia"]
[Result "1/2-1/2"]
[BlackElo "1312"]
[WhiteElo "1434"]
[LiveChessVersion "1.4.8"]

1. e4 {[%clk 1:30:57]} c5 {[%clk 1:30:58]} 2. Nf3 {[%clk 1:31:21]} e6
{[%clk 1:31:19]} 3. d3 {[%clk 1:31:42]} d5 {[%clk 1:30:48]} 4. Qe2
{[%clk 1:31:56]} dxe4 {[%clk 1:29:05]} 5. dxe4 {[%clk 1:31:25]} Nc6
{[%clk 1:28:21]} 6. c3 {[%clk 1:20:14]} Qc7 {[%clk 1:28:00]} 7. g3
{[%clk 1:13:24]} Nf6 {[%clk 1:26:01]} 8. Bg2 {[%clk 1:08:09]} Be7
{[%clk 1:24:37]} 9. Na3 {[%clk 1:04:19]} e5 {[%clk 1:20:52]} 10. Bg5
{[%clk 0:59:50]} h6 {[%clk 1:19:53]} 11. Bxf6 {[%clk 0:58:01]} Bxf6
{[%clk 1:20:18]} 12. Rd1 {[%clk 0:55:27]} a6 {[%clk 1:15:15]} 13. Nc4
{[%clk 0:54:44]} O-O {[%clk 1:08:51]} 14. Ne3 {[%clk 0:47:10]} Ne7
{[%clk 1:05:43]} 15. O-O {[%clk 0:42:15]} Be6 {[%clk 1:04:08]} 16. Nd5
{[%clk 0:38:26]} Bxd5 {[%clk 1:00:04]} 17. exd5 {[%clk 0:38:44]} Nf5
{[%clk 0:57:44]} 18. Bh3 {[%clk 0:21:22]} Nd6 {[%clk 0:56:33]} 19. Nxe5
{[%clk 0:19:52]} Rfe8 {[%clk 0:55:37]} 20. f4 {[%clk 0:19:52]} Nb5
{[%clk 0:40:45]} 21. Rfe1 {[%clk 0:17:35]} Re7 {[%clk 0:37:56]} 22. a4
{[%clk 0:07:22]} Nd6 {[%clk 0:37:34]} 23. Qf2 {[%clk 0:06:51]} Rae8
{[%clk 0:36:25]} 24. Ng4 {[%clk 0:06:16]} Rxe1+ {[%clk 0:31:31]} 25. Rxe1
{[%clk 0:06:41]} Bd8 {[%clk 0:28:43]} 26. Rxe8+ {[%clk 0:05:14]} Nxe8
{[%clk 0:29:08]} 27. Qe3 {[%clk 0:01:42]} Be7 {[%clk 0:27:27]} 28. Ne5
{[%clk 0:01:41]} Nd6 {[%clk 0:26:59]} 29. Nd7 {[%clk 0:01:53]} Nc8
{[%clk 0:26:05]} 30. d6 {[%clk 0:01:50]} Qxd6 {[%clk 0:25:40]} 31. a5
{[%clk 0:01:01]} Qd1+ {[%clk 0:23:55]} 32. Kg2 {[%clk 0:00:58]} Qd5+
{[%clk 0:20:49]} 33. Qf3 {[%clk 0:01:02]} Qd2+ {[%clk 0:21:14]} 34. Qf2
{[%clk 0:01:11]} Qd5+ {[%clk 0:21:07]} 35. Qf3 {[%clk 0:01:21]} Qd2+
{[%clk 0:21:32]} 36. Qf2 {[%clk 0:00:55]} Qd5+ {[%clk 0:21:58]} 37. Qf3
{[%clk 0:01:02]} Qd2+ {[%clk 0:22:22]} 1/2-1/2

[Event "PMPJ 2022- D17"]
[Site "Jastrzebia Gora"]
[Date "2022.11.11"]
[Round "8.2"]
[White "Gornisiewicz, Natalia"]
[Black "Sivickis, Kornelia"]
[Result "1-0"]
[BlackElo "1159"]
[WhiteElo "1384"]
[LiveChessVersion "1.4.8"]

1. Nf3 {[%clk 1:30:56]} d5 {[%clk 1:30:55]} 2. c4 {[%clk 1:31:18]} c6
{[%clk 1:31:21]} 3. e3 {[%clk 1:31:32]} e6 {[%clk 1:31:40]} 4. cxd5
{[%clk 1:30:47]} exd5 {[%clk 1:31:58]} 5. g3 {[%clk 1:29:58]} Bd6
{[%clk 1:32:08]} 6. Bg2 {[%clk 1:30:17]} Nf6 {[%clk 1:32:28]} 7. O-O
{[%clk 1:30:36]} O-O {[%clk 1:32:53]} 8. b3 {[%clk 1:29:51]} Bf5 {[%clk 1:32:44]}
9. Bb2 {[%clk 1:29:36]} Nbd7 {[%clk 1:33:00]} 10. d3 {[%clk 1:28:37]} h6
{[%clk 1:32:48]} 11. Re1 {[%clk 1:24:04]} Bc7 {[%clk 1:31:20]} 12. Nc3
{[%clk 1:23:00]} Re8 {[%clk 1:30:58]} 13. Nd4 {[%clk 1:18:58]} Bg6
{[%clk 1:30:47]} 14. e4 {[%clk 1:13:48]} dxe4 {[%clk 1:30:37]} 15. Nxe4
{[%clk 1:13:50]} Nxe4 {[%clk 1:30:10]} 16. dxe4 {[%clk 1:13:50]} Nf6
{[%clk 1:29:35]} 17. f3 {[%clk 1:12:02]} Bb6 {[%clk 1:28:32]} 18. Kh1
{[%clk 1:11:42]} a6 {[%clk 1:27:43]} 19. e5 {[%clk 1:10:37]} Nd5 {[%clk 1:26:28]}
20. a3 {[%clk 1:06:17]} c5 {[%clk 1:23:28]} 21. Nc2 {[%clk 1:03:47]} Rb8
{[%clk 1:22:20]} 22. f4 {[%clk 1:02:51]} Ne7 {[%clk 1:20:40]} 23. Ne3
{[%clk 1:01:46]} Qxd1 {[%clk 1:19:14]} 24. Raxd1 {[%clk 1:01:52]} Red8
{[%clk 1:15:55]} 25. Rxd8+ {[%clk 0:59:38]} Rxd8 {[%clk 1:12:35]} 26. Nc4
{[%clk 0:56:57]} Bc7 {[%clk 1:09:27]} 27. Bxb7 {[%clk 0:56:30]} Rd3
{[%clk 1:05:56]} 28. Bxa6 {[%clk 0:53:05]} Rxb3 {[%clk 1:05:50]} 29. Bc1
{[%clk 0:51:34]} Rc3 {[%clk 1:05:17]} 30. Nd6 {[%clk 0:50:20]} Nd5
{[%clk 1:02:18]} 31. Nb5 {[%clk 0:33:45]} Rb3 {[%clk 1:00:51]} 32. Nxc7
{[%clk 0:33:22]} Nxc7 {[%clk 1:01:14]} 33. Bc8 {[%clk 0:31:10]} Bd3
{[%clk 0:59:12]} 34. g4 {[%clk 0:27:51]} c4 {[%clk 0:57:08]} 35. f5
{[%clk 0:26:48]} Rb8 {[%clk 0:56:47]} 36. Bd7 {[%clk 0:26:08]} Kf8
{[%clk 0:56:54]} 37. Bd2 {[%clk 0:24:22]} Na6 {[%clk 0:52:23]} 38. Bf4
{[%clk 0:21:45]} Rb6 {[%clk 0:49:44]} 39. e6 {[%clk 0:15:26]} fxe6
{[%clk 0:48:34]} 40. fxe6 {[%clk 0:15:47]} Ke7 {[%clk 0:46:52]} 41. g5
{[%clk 0:15:23]} Rb1 {[%clk 0:43:26]} 42. Rxb1 {[%clk 0:11:56]} Bxb1
{[%clk 0:41:16]} 43. gxh6 {[%clk 0:12:19]} gxh6 {[%clk 0:41:16]} 44. Bb5
{[%clk 0:12:32]} Be4+ {[%clk 0:41:24]} 45. Kg1 {[%clk 0:12:49]} Nc5
{[%clk 0:41:15]} 46. Bxc4 {[%clk 0:13:03]} Bf5 {[%clk 0:38:11]} 47. Bxh6
{[%clk 0:13:02]} Bxe6 {[%clk 0:38:34]} 48. Bxe6 {[%clk 0:11:43]} Kxe6
{[%clk 0:38:36]} 49. Bf8 {[%clk 0:12:03]} Na4 {[%clk 0:38:40]} 50. Kg2
{[%clk 0:12:22]} Kf5 {[%clk 0:38:59]} 51. Kf3 {[%clk 0:12:41]} Kg5
{[%clk 0:38:56]} 52. Be7+ {[%clk 0:12:56]} Kh5 {[%clk 0:38:41]} 53. h4
{[%clk 0:13:06]} Nc3 {[%clk 0:38:20]} 54. Bd8 {[%clk 0:12:53]} Kg6
{[%clk 0:38:12]} 55. Kg4 {[%clk 0:13:04]} Kh6 {[%clk 0:37:46]} 56. Bg5+
{[%clk 0:12:59]} Kg6 {[%clk 0:37:57]} 57. h5+ {[%clk 0:13:23]} Kh7
{[%clk 0:38:20]} 58. Kf5 {[%clk 0:13:34]} Na4 {[%clk 0:38:32]} 59. Ke5
{[%clk 0:13:24]} Kg7 {[%clk 0:38:43]} 60. Kd4 {[%clk 0:13:00]} Nb6
{[%clk 0:39:01]} 61. Kc5 {[%clk 0:13:02]} Na4+ {[%clk 0:38:13]} 62. Kb4
{[%clk 0:13:05]} Nb6 {[%clk 0:38:34]} 63. a4 {[%clk 0:13:27]} Nxa4
{[%clk 0:38:49]} 64. Kxa4 {[%clk 0:13:53]} Kh7 {[%clk 0:39:10]} 65. Kb4
{[%clk 0:14:20]} Kg7 {[%clk 0:39:34]} 66. Kc5 {[%clk 0:14:45]} Kh7
{[%clk 0:39:59]} 67. Kd6 {[%clk 0:15:11]} Kg7 {[%clk 0:40:20]} 68. Ke7
{[%clk 0:15:30]} Kh7 {[%clk 0:40:35]} 69. Kf6 {[%clk 0:15:54]} Kg8
{[%clk 0:40:31]} 70. Kg6 {[%clk 0:16:16]} Kh8 {[%clk 0:40:51]} 71. h6
{[%clk 0:16:42]} 1-0